[Event "It (open)"]
[Site "masterchessopen.com Kuala Lumpur (Malaysia)"]
[Date "2005.08.24"]
[Round "8"]
[White "Lomibao Sheerie Joy (PHI)"]
[Black "Zhang Jilin (CHN)"]
[Result "0-1"]
[WhiteElo "2101"]
[BlackElo "2334"]

1.e4 c5 2.Nc3 Nc6 3.g3 g6 4.Bg2 Bg7 5.d3 d6 6.Be3 Nf6 7.h3 e5 8.Qd2 Nd4 9.Nge2
O-O 10.f4 Rb8 11.g4 exf4 12.Nxf4 Ne6 13.O-O-O b5 14.Rdf1 b4 15.Nb1 Qa5 16.a3
Qa6 17.e5 bxa3 18.Nxa3 Nxf4 19.exf6 Bxf6 20.d4 Bxd4 {#R} 0-1

[Event "It (open)"]
[Site "masterchessopen.com Brasschaat (Belgium)"]
[Date "2005.08.26"]
[Round "7"]
[White "Ringoir Tanguy (BEL)"]
[Black "Peleman Tony (BEL)"]
[Result "1-0"]
[WhiteElo "1993"]
[BlackElo "2048"]

1.e4 c5 2.Nc3 d6 3.g3 Nc6 4.Bg2 g6 5.d3 Bg7 6.Be3 e6 7.Qd2 Bd7 8.Nge2 Nd4
9.O-O Ne7 10.Nd1 O-O 11.Nc1 Rb8 12.c3 Ndc6 13.Ne2 e5 14.d4 exd4 15.cxd4 cxd4
16.Nxd4 Ne5 17.Qb4 Nc8 18.Nc3 Ng4 19.Nd5 Nxe3 20.fxe3 Be5 21.Rac1 a6 22.Rc7
Bc6 23.Nxc6 bxc6 24.Qxb8 {#r} 1-0

[Event "Ch Europe (juniors) (under 16) (g)"]
[Site "masterchessopen.com Herceg Novi (Montenegro)"]
[Round "1"]
[White "Garcia Millan Laura (ESP)"]
[Black "Ignacz Maria (HUN)"]
[Result "0-1"]
[WhiteElo "1989"]
[BlackElo "2286"]

1.e4 c5 2.Nc3 Nc6 3.g3 g6 4.Bg2 Bg7 5.d3 d6 6.Be3 e6 7.f4 Nge7 8.Nf3 Nd4 9.O-O
Nec6 10.Nh4 O-O 11.f5 exf5 12.exf5 Nxf5 13.Nxf5 Bxf5 14.Rxf5 gxf5 15.Qh5 Qf6
16.Rf1 Qg6 17.Qf3 Rae8 18.Bh3 Rxe3 19.Qf4 Bh6 20.Qf2 f4 {#R} 0-1

[Event "Ch Arabic Countries (w)"]
[Site "masterchessopen.com Dubai (United Arab Emirates)"]
[Date "2005.09.16"]
[Round "5"]
[White "Mouradian Knarik (LIB)"]
[Black "Ibrahim Delbak (IRQ)"]
[Result "1-0"]
[WhiteElo "2154"]
[BlackElo "1911"]

1.e4 c5 2.Nc3 Nc6 3.g3 g6 4.Bg2 Bg7 5.d3 d6 6.Be3 e6 7.Qd2 Nge7 8.Bh6 O-O 9.h4
d5 10.h5 Bxc3 11.Qxc3 d4 12.Qxc5 b6 13.Qg5 f6 14.Qd2 Rf7 15.hxg6 hxg6 16.e5
Nd5 17.exf6 Qxf6 18.Bg5 Qf5 19.Be4 Qe5 20.f4 {#r} 1-0

[Event "It \"]
[Site "masterchessopen.com Berlin (Germany)"]
[Date "2005.09.19"]
[Round "3"]
[White "Voelker Thomas (GER)"]
[Black "Bartoszek Norbert"]
[Result "1-0"]
[WhiteElo "1850"]
[BlackElo "1331"]

1.e4 c5 2.Nc3 Nc6 3.g3 g6 4.Bg2 Bg7 5.d3 d6 6.Be3 Nf6 7.h3 O-O 8.f4 Qa5 9.Ne2
Be6 10.O-O Nd7 11.f5 Bxf5 12.exf5 Qc7 13.Qd2 Nde5 14.Bh6 Qd7 15.Bxg7 Kxg7
16.Ne4 Rac8 17.Rf2 d5 {#r} 1-0

[Event "Ch Mittelfranken (team) (B2b) 2005/06"]
[Site "masterchessopen.com Germany"]
[Date "2005.10.16"]
[Round "1"]
[White "Konsek Peter (GER)"]
[Black "Oberndoerfer Dieter"]
[Result "1-0"]
[WhiteElo "2095"]
[BlackElo "1870"]

1.e4 c5 2.Nc3 Nc6 3.g3 g6 4.Bg2 Bg7 5.d3 d6 6.Be3 Nf6 7.h3 O-O 8.Qd2 Qa5 9.Bh6
Qb4 10.Bxg7 Kxg7 11.O-O-O Nd4 12.f4 Bd7 13.g4 Rab8 14.f5 a5 15.Qf2 a4 16.g5
Ng8 17.Nd5 Qa5 18.a3 Nc6 19.h4 Ne5 20.h5 Rfc8 21.hxg6 fxg6 22.f6+ {#r} 1-0

[Event "It (open)"]
[Site "masterchessopen.com Piestany (Slovakia)"]
[Date "2005.11.20"]
[Round "7"]
[White "Pokorna Renata (SVK)"]
[Black "Skreno Vladimir (SVK)"]
[Result "0-1"]
[WhiteElo "2056"]
[BlackElo "2192"]

1.e4 c5 2.Nc3 Nc6 3.g3 g6 4.Bg2 Bg7 5.d3 d6 6.Be3 e6 7.f4 Nge7 8.Nf3 Rb8 9.O-O
O-O 10.d4 cxd4 11.Nxd4 Qb6 12.Na4 Qa5 13.c3 Nxd4 14.Bxd4 Bxd4+ 15.Qxd4 Nc6
16.Qd1 b5 17.Qxd6 bxa4 18.Qxc6 Rxb2 19.a3 Bb7 20.Qd6 Rd8 21.Qe5 Rdd2 22.Qb8+
Kg7 {#R} 0-1

[Event "It (cat.1)"]
[Site "masterchessopen.com Budapest (Hungary)"]
[Date "2006.04.01"]
[Round "1"]
[White "Arjun Vishnuvardhan (IND)"]
[Black "Kaposztas Miklos (HUN)"]
[Result "1-0"]
[WhiteElo "2257"]
[BlackElo "2223"]

1.e4 c5 2.Nc3 g6 3.g3 Bg7 4.Bg2 d6 5.d3 Nc6 6.Be3 e6 7.Qd2 Nge7 8.Bh6 O-O 9.h4
f6 10.Bxg7 Kxg7 11.f4 Rb8 12.Nf3 d5 13.h5 Qa5 14.hxg6 hxg6 15.f5 exf5 16.exd5
Nb4 17.Qh6+ Kf7 18.Qh7+ Ke8 19.d6 Ng8 20.Kd2 Qb6 21.Rae1+ Kd8 22.Qg7 Qxd6
23.Nb5 {#r} 1-0

[Event "It (open) \"]
[Site "masterchessopen.com Athens (Greece)"]
[Date "2006.05.17"]
[Round "4"]
[White "Koukoufikis Alexandros (GRE)"]
[Black "Poteas Ioannis (GRE)"]
[Result "1-0"]
[WhiteElo "2229"]
[BlackElo "2152"]

1.e4 d6 2.g3 g6 3.Bg2 Bg7 4.Nc3 c5 5.d3 Nc6 6.Be3 e5 7.Qd2 Nge7 8.Bh6 Bxh6
9.Qxh6 Nd4 10.Qd2 Be6 11.Nce2 Qb6 12.c3 Nxe2 13.Nxe2 O-O 14.h4 f6 15.f4 Nc6
16.h5 Qc7 17.hxg6 hxg6 18.f5 {#r} 1-0

[Event "Memorial P.Keres (open)"]
[Site "masterchessopen.com Vancouver (Canada)"]
[Date "2006.05.19"]
[Round "1"]
[White "McLaren Brian (CAN)"]
[Black "North Robert (CAN)"]
[Result "1-0"]
[WhiteElo "2169"]
[BlackElo "2096"]

1.e4 c5 2.Nc3 d6 3.g3 Nc6 4.Bg2 g6 5.d3 Bg7 6.Be3 e6 7.Qd2 Nd4 8.Nd1 Ne7 9.c3
Ndc6 10.Bh6 O-O 11.h4 f5 12.h5 Qe8 13.Bxg7 Kxg7 14.hxg6 Qxg6 15.Nf3 Bd7 16.Ne3
b5 17.O-O-O Rac8 18.Rh4 h5 19.Rdh1 Rh8 20.exf5 exf5 21.Rf4 a5 22.Nh4 Qf7
23.Kb1 Ne5 24.Be4 {#r} 1-0

[Event "It (open)"]
[Site "masterchessopen.com Ditzingen (Germany)"]
[Date "2006.05.27"]
[Round "5"]
[White "Reichert Manuel (GER)"]
[Black "Wittmann Ralf (GER)"]
[Result "1-0"]
[WhiteElo "2004"]
[BlackElo "2194"]

1.e4 c5 2.Nc3 Nc6 3.g3 g6 4.Bg2 Bg7 5.d3 d6 6.Be3 Nd4 7.Qd2 Qa5 8.h3 h5 9.f4
h4 10.g4 Rb8 11.Nf3 b5 12.O-O b4 13.Nd1 Qa4 14.Rf2 Ba6 15.e5 b3 16.Nc3 Qa5
17.Nxd4 cxd4 18.Bxd4 dxe5 19.Bxe5 Bxe5 20.fxe5 Qxe5 21.axb3 Bb7 22.Re1 Qg7
23.Qf4 {#r} 1-0

[Event "It (open) \"]
[Site "masterchessopen.com Berlin (Germany)"]
[Date "2006.05.28"]
[Round "7"]
[White "Welz Peter Dr (GER)"]
[Black "Kasper Mike (GER)"]
[Result "1-0"]
[WhiteElo "2177"]
[BlackElo "1943"]

1.e4 c5 2.Nc3 d6 3.g3 Nc6 4.Bg2 g6 5.d3 Bg7 6.Be3 Nf6 7.h3 Bd7 8.Nge2 a6 9.g4
h6 10.f4 b5 11.O-O Bxg4 12.hxg4 Nxg4 13.Bf2 h5 14.e5 Rc8 15.Ne4 h4 16.Bh3 dxe5
17.Bxg4 {#r} 1-0

[Event "Ch Norway (kl. M2)"]
[Site "masterchessopen.com Moss (Norway)"]
[Date "2006.07.10"]
[Round "3"]
[White "Tufta Jon Gunnar"]
[Black "Vik-Hansen Rune (NOR)"]
[Result "1-0"]
[WhiteElo "1679"]
[BlackElo "1930"]

1.e4 c5 2.Nc3 Nc6 3.g3 g6 4.Bg2 Bg7 5.d3 d6 6.Be3 e5 7.Nh3 Nf6 8.O-O O-O 9.f4
exf4 10.Bxf4 Nd4 11.Nf2 Be6 12.Qd2 Rc8 13.Nd5 Bxd5 14.exd5 Re8 15.Rae1 Rxe1
16.Rxe1 Nh5 17.Bg5 Bf6 18.Be3 Rc7 19.g4 Ng7 20.c3 {#r} 1-0

[Event "Tournament (juniors)"]
[Site "masterchessopen.com Lublin (Poland)"]
[Date "2006.07.16"]
[Round "11"]
[White "Filipowicz Adam (POL)"]
[Black "Klepaczka Tomasz (POL)"]
[Result "1-0"]
[WhiteElo "1778"]
[BlackElo "1906"]

1.e4 c5 2.Nc3 d6 3.g3 Nc6 4.Bg2 g6 5.d3 Bg7 6.Be3 e6 7.Qd2 Nge7 8.Bh6 O-O 9.h4
Ne5 10.h5 Ng4 11.Bxg7 Kxg7 12.Qg5 f5 13.f3 Nf6 14.hxg6 hxg6 15.exf5 exf5
16.O-O-O d5 17.d4 c4 18.Nge2 Rh8 19.Nf4 Bd7 20.Rhe1 Kf7 21.Rxe7+ Kxe7 22.Nxg6+
Kf7 23.Nxh8+ Qxh8 {#r} 1-0

[Event "It (open) \"]
[Site "masterchessopen.com Sukhumi (Georgia)"]
[Date "2006.08.10"]
[Round "7"]
[White "Kondratenko Anatoly (RUS)"]
[Black "Kruchev Boris (RUS)"]
[Result "0-1"]
[WhiteElo "2189"]
[BlackElo "2328"]

1.e4 c5 2.g3 Nc6 3.Bg2 g6 4.d3 Bg7 5.Nc3 d6 6.Be3 Nd4 7.f4 Nf6 8.Nf3 Ng4 9.Bd2
e5 10.O-O O-O 11.Nd5 f5 12.c3 Nc6 13.Qb3 Kh8 14.Rae1 Rb8 15.Ng5 b5 16.Ne3 c4
17.dxc4 h6 18.Nh3 Be6 19.exf5 Nxe3 20.fxe6 Na5 21.Bxe3 Nxb3 22.axb3 {#R} 0-1

[Event "Ch World (seniors)"]
[Site "masterchessopen.com Arvier (Italy)"]
[Date "2006.09.13"]
[Round "3"]
[White "Buxade Roca Guillermo (ESP)"]
[Black "Vasiukov Evgeni (RUS)"]
[Result "0-1"]
[WhiteElo "2205"]
[BlackElo "2502"]

1.e4 c5 2.Nc3 Nc6 3.g3 g6 4.Bg2 Bg7 5.d3 d6 6.Be3 Nh6 7.h3 f5 8.Qd2 Nf7 9.h4
fxe4 10.h5 exd3 11.hxg6 hxg6 12.Rxh8+ Bxh8 13.cxd3 Bf5 14.Nf3 Nb4 15.Bf1 c4
16.Ne4 Qa5 17.Rc1 cxd3 18.a3 Bxe4 19.axb4 Qd5 {#R} 0-1

[Event "Ch Bulgaria (team) (juniors) (under 18)"]
[Site "masterchessopen.com Razgrad (Bulgaria)"]
[Date "2006.11.10"]
[Round "5"]
[White "Velikov Vladimir (BUL)"]
[Black "Nachev Nasko (BUL)"]
[Result "0-1"]
[WhiteElo "1848"]
[BlackElo "2182"]

1.e4 c5 2.Nc3 Nc6 3.g3 g6 4.Bg2 Bg7 5.d3 d6 6.Be3 e6 7.Qd2 Nd4 8.Nge2 Ne7
9.O-O-O Qa5 10.Kb1 e5 11.f4 Rb8 12.Rdf1 b5 13.Rf2 b4 14.Nd1 Nxe2 15.Qxe2 Rb6
16.Qf3 {#R} 0-1

[Event "It (open)"]
[Site "masterchessopen.com Lugano (Switzerland)"]
[Date "2006.11.18"]
[Round "3"]
[White "Tomelleri Alessio (ITA)"]
[Black "Ferrari Michele (ITA)"]
[Result "1-0"]
[WhiteElo "1972"]
[BlackElo "1843"]

1.e4 c5 2.Nc3 Nc6 3.g3 d6 4.Bg2 g6 5.d3 Bg7 6.Be3 Bd7 7.Nge2 e6 8.O-O Nd4
9.Qd2 Ne7 10.Nd1 Qc7 11.c3 Nxe2+ 12.Qxe2 O-O 13.Qd2 Rab8 14.Bh6 b5 15.Bxg7
Kxg7 16.h4 h5 17.f4 e5 18.Nf2 Nc6 19.Qe2 b4 20.Rfc1 a5 21.Qc2 Rb5 22.c4 {#r}
1-0

[Event "It"]
[Site "masterchessopen.com Asuncion (Paraguay)"]
[Date "2006.12.08"]
[Round "5"]
[White "Deus Fo Joaquim (BRA)"]
[Black "Real De Azua Ernesto (ARG)"]
[Result "0-1"]
[WhiteElo "2064"]
[BlackElo "2396"]

1.e4 c5 2.Nc3 Nc6 3.g3 g6 4.Bg2 Bg7 5.d3 d6 6.Be3 h5 7.h3 e5 8.Qd2 Nge7 9.Nge2
Nd4 10.Nd1 d5 11.Nc1 h4 12.c3 Ne6 13.exd5 Nxd5 14.Bg5 Nxg5 {#R} 0-1

[Event "Czech League 2006/07 (2nd) (e)"]
[Site "masterchessopen.com Czech Republic"]
[Date "2006.12.17"]
[Round "5"]
[White "Zatloukal Petr (CZE)"]
[Black "Uricar Jakub (CZE)"]
[Result "1-0"]
[WhiteElo "2109"]
[BlackElo "2076"]

1.e4 c5 2.Nc3 Nc6 3.g3 g6 4.Bg2 Bg7 5.d3 d6 6.Be3 e6 7.Qd2 Nge7 8.Bh6 O-O 9.h4
d5 10.h5 dxe4 11.Bxe4 Qd4 12.Nf3 Bxh6 13.Qxh6 Qg7 14.hxg6 Qxh6 15.Rxh6 hxg6
16.O-O-O Bd7 17.Rdh1 f5 18.Ng5 Kg7 19.Rh7+ Kf6 20.f4 fxe4 21.Ncxe4+ Kf5
22.Nd6+ Kg4 23.R7h4+ {#r} 1-0

[Event "It (open)"]
[Site "masterchessopen.com Bizovac (Croatia)"]
[Date "2007.02.23"]
[Round "4"]
[White "Jurkovic Hrvoje (CRO)"]
[Black "Filipovic Marko (CRO)"]
[Result "1-0"]
[WhiteElo "2443"]
[BlackElo "2304"]

1.e4 c5 2.Nc3 d6 3.g3 Nc6 4.Bg2 g6 5.d3 Bg7 6.Be3 Nf6 7.h3 O-O 8.f4 e5 9.fxe5
Nh5 10.g4 Ng3 11.Rh2 Bxe5 12.Nf3 f5 13.exf5 gxf5 14.Nxe5 Nxe5 15.Qd2 fxg4
16.O-O-O Nf3 17.Bxf3 Rxf3 18.Bf2 Nh5 19.hxg4 Nf6 20.Qg5+ {#r} 1-0

[Event "Ch Poland (juniors) (under 16) (g)"]
[Site "masterchessopen.com Leba (Poland)"]
[Round "10"]
[White "Gryglas Marta (POL)"]
[Black "Rosiak Agata (POL)"]
[Result "0-1"]
[WhiteElo "1576"]
[BlackElo "1828"]

1.e4 c5 2.Nc3 d6 3.g3 g6 4.d3 Bg7 5.Be3 Nc6 6.Bg2 Rb8 7.Qd2 b5 8.Rb1 Nd4 9.f4
e6 10.Nf3 Nxf3+ 11.Bxf3 Ne7 12.Nd1 O-O 13.g4 Qc7 14.h4 d5 15.f5 dxe4 16.dxe4
b4 17.Bf4 Be5 18.Bh6 Rd8 19.Qg2 Qd6 20.fxg6 fxg6 21.h5 Ba6 22.hxg6 Bg3+ {#R}
0-1

[Event "Tournament (open)"]
[Site "masterchessopen.com Berlin (Germany)"]
[Date "2007.04.08"]
[Round "2"]
[White "Schueler Wolfgang (GER)"]
[Black "Pfeiffer Joerg (GER)"]
[Result "1-0"]
[WhiteElo "2065"]
[BlackElo "1764"]

1.e4 c5 2.Nc3 Nc6 3.g3 g6 4.Bg2 Bg7 5.d3 d6 6.Be3 Rb8 7.a4 e6 8.Qd2 a6 9.Nge2
b5 10.axb5 axb5 11.O-O b4 12.Nd1 Nge7 13.d4 cxd4 14.Nxd4 O-O 15.Nxc6 Nxc6
16.Bh6 e5 17.Bxg7 Kxg7 18.Ne3 Be6 19.f4 Nd4 20.f5 Qb6 21.Kh1 Rbc8 22.fxe6 fxe6
23.Ng4 Rxf1+ 24.Rxf1 {#r} 1-0

[Event "Tournament"]
[Site "masterchessopen.com Cherkessk (Russia)"]
[Round "10"]
[White "Shvyriaev Artem (UKR)"]
[Black "Iljin Timofey (UKR)"]
[Result "0-1"]
[WhiteElo "2147"]
[BlackElo "2442"]

1.e4 c5 2.Nc3 Nc6 3.g3 g6 4.Bg2 Bg7 5.d3 d6 6.Be3 e6 7.Qd2 Nge7 8.Bh6 Bxh6
9.Qxh6 Nd4 10.O-O-O Qa5 11.Nf3 Nxf3 12.Bxf3 Nc6 13.Qg7 Rf8 14.Qxh7 Nd4 15.Bg2
b5 16.e5 d5 17.Qh4 b4 18.Nb1 b3 19.cxb3 Qxa2 20.Nc3 Qa1+ 21.Kd2 Qxb2+ 22.Ke1
Qxc3+ 23.Kf1 Ba6 {#R} 0-1

[Event "Ch Uzbekistan (w)"]
[Site "masterchessopen.com Tashkent (Uzbekistan)"]
[Date "2007.05.21"]
[Round "11"]
[White "Sabirova Shakhnoza (UZB)"]
[Black "Tohirjanova Hulkar (UZB)"]
[Result "0-1"]
[WhiteElo "1964"]
[BlackElo "1923"]

1.e4 c5 2.Nc3 d6 3.g3 g6 4.Bg2 Bg7 5.d3 Nc6 6.Be3 Rb8 7.Nge2 e6 8.Qd2 b5 9.O-O
b4 10.Nd1 Qb6 11.f4 Nge7 12.c3 a5 13.cxb4 axb4 14.Nf2 O-O 15.Rfd1 Nd4 16.Ng4
f5 17.exf5 exf5 18.Nf2 Bb7 19.Rac1 Bxg2 20.Kxg2 Qb7+ 21.Kf1 Nf3 22.Qc2 Nxh2+
23.Ke1 Qg2 24.Qc4+ d5 {#R} 0-1

[Event "It (open)"]
[Site "masterchessopen.com Dortmund (Germany)"]
[Date "2007.06.26"]
[Round "4"]
[White "Kolkin Michail (UKR)"]
[Black "Ebert Manuel (GER)"]
[Result "1-0"]
[WhiteElo "2263"]
[BlackElo "2107"]

1.e4 c5 2.Nc3 Nc6 3.g3 g6 4.Bg2 Bg7 5.d3 d6 6.Be3 e6 7.Qd2 Qa5 8.Nh3 Rb8 9.O-O
Nd4 10.f4 Ne7 11.Ng5 O-O 12.Nd5 Nec6 13.Ne7+ Kh8 14.Nxc8 Rbxc8 15.c3 h6 16.Nh3
Nb5 17.f5 exf5 18.exf5 Be5 19.Bxh6 f6 20.Bxf8 Rxf8 21.Qh6+ {#r} 1-0

[Event "It (open) (b)"]
[Site "masterchessopen.com Dortmund (Germany)"]
[Date "2007.06.26"]
[Round "4"]
[White "Dreesbach Christoph"]
[Black "Ropers Klaus (GER)"]
[Result "0-1"]
[WhiteElo "1599"]
[BlackElo "1851"]

1.e4 c5 2.Nc3 Nc6 3.g3 g6 4.Bg2 Bg7 5.d3 d6 6.Be3 Bd7 7.Qd2 e6 8.O-O-O Rb8
9.f4 Nge7 10.g4 f5 11.g5 b5 12.Kb1 b4 13.Nce2 a5 14.e5 Qc7 15.Nf3 Kf7 16.d4 c4
17.Ka1 a4 18.h4 Qa7 19.Qc1 Na5 20.h5 Nb3+ 21.Kb1 Nxc1 22.Kxc1 a3 {#R} 0-1

[Event "It \"]
[Site "masterchessopen.com Caerleon (Wales)"]
[Date "2007.07.08"]
[Round "3"]
[White "Helbig Paul (ENG)"]
[Black "Tew Paul (WLS)"]
[Result "1-0"]
[WhiteElo "2172"]
[BlackElo "2081"]

1.e4 c5 2.Nc3 Nc6 3.g3 g6 4.Bg2 Bg7 5.d3 d6 6.Be3 e6 7.Qd2 Rb8 8.Nf3 Nd4
9.Bxd4 cxd4 10.Nb5 Qb6 11.Qb4 Ne7 12.Nxd6+ Kf8 13.Qxb6 axb6 14.Ng5 f6 15.Nxc8
Rxc8 16.Nxe6+ Kf7 17.Nxd4 {#r} 1-0

[Event "It (open)"]
[Site "masterchessopen.com Klatovy (Czech Republic)"]
[Date "2007.07.08"]
[Round "9"]
[White "Routner Jakub (CZE)"]
[Black "Krejci Jan (CZE)"]
[Result "0-1"]
[WhiteElo "2131"]
[BlackElo "1719"]

1.e4 c5 2.Nc3 d6 3.g3 Nc6 4.Bg2 g6 5.d3 Bg7 6.Be3 Rb8 7.Qd2 e6 8.Nd1 b5 9.f4
Nge7 10.Nf3 Nd4 11.Nh4 b4 12.a3 b3 13.c3 Nc2+ {#R} 0-1

[Event "It (open)"]
[Site "masterchessopen.com La Fere (France)"]
[Date "2007.07.08"]
[Round "2"]
[White "Nicolas Christian"]
[Black "Lapersonne Patrick (FRA)"]
[Result "1-0"]
[WhiteElo "1800"]
[BlackElo "1532"]

1.e4 c5 2.Nc3 Nc6 3.g3 g6 4.Bg2 Bg7 5.d3 d6 6.Be3 Nf6 7.h3 a6 8.Nge2 b5 9.e5
Nxe5 10.Bxa8 d5 11.Bxc5 Nf3+ 12.Kf1 O-O 13.Nf4 Ng5 14.Bxd5 Nxd5 15.Ncxd5 Re8
16.Nc3 Bb7 17.Ne4 Nxe4 18.dxe4 Qxd1+ 19.Rxd1 Bxe4 20.Rg1 Bxc2 21.Rd2 Bf5
22.Kg2 e5 23.Nd5 Bh6 24.Nf6+ {#r} 1-0

[Event "It (open) \"]
[Site "masterchessopen.com Agios Kirykos (Greece)"]
[Date "2007.07.09"]
[Round "3"]
[White "Koukoufikis Alexandros (GRE)"]
[Black "Michelakos Panagiotis (GRE)"]
[Result "1-0"]
[WhiteElo "2283"]
[BlackElo "1938"]

1.e4 c5 2.Nc3 Nc6 3.g3 d6 4.Bg2 g6 5.d3 Bg7 6.Be3 e6 7.Qd2 Nge7 8.Bh6 O-O 9.h4
d5 10.h5 dxe4 11.Bxg7 e3 12.Qxe3 Nf5 13.Qxc5 Kxg7 14.Ne4 Qd4 15.O-O-O Ne5
16.h6+ {#r} 1-0

[Event "Ch South America"]
[Site "masterchessopen.com Cali (Colombia)"]
[Date "2007.07.10"]
[Round "1"]
[White "Cabrera Huaman Andres (PER)"]
[Black "Rios Cristian Camilo (COL)"]
[Result "1-0"]
[WhiteElo "2259"]
[BlackElo "2057"]

1.e4 c5 2.Nc3 d6 3.g3 Nc6 4.d3 g6 5.Bg2 Bg7 6.Be3 Nd4 7.Qd2 Qa5 8.h3 e6 9.f4
Ne7 10.Nf3 O-O 11.O-O Nec6 12.Nh4 f5 13.g4 Bd7 14.Rac1 b5 15.Kh1 b4 16.Nd1
Qxa2 17.Bg1 Qa5 18.gxf5 gxf5 19.Qe1 Rae8 20.c3 Nb5 21.exf5 exf5 22.Bd5+ Kh8
23.Ng6+ {#r} 1-0

[Event "It (open)"]
[Site "masterchessopen.com Manresa (Spain)"]
[Date "2007.08.16"]
[Round "3"]
[White "Coll Enriques Lluis (ESP)"]
[Black "Alsina Leal Daniel (ESP)"]
[Result "0-1"]
[WhiteElo "2168"]
[BlackElo "2435"]

1.e4 c5 2.Nc3 Nc6 3.g3 g6 4.Bg2 Bg7 5.d3 d6 6.Be3 e5 7.Qd2 Nge7 8.Bh6 O-O 9.h4
f6 10.Be3 h5 11.Nh3 Rb8 12.f3 b5 13.Nf2 b4 14.Ncd1 Nd4 15.c3 bxc3 16.bxc3 Ne6
17.g4 d5 18.gxh5 d4 19.cxd4 cxd4 20.Bh6 Bxh6 21.Qxh6 Nf4 22.hxg6 Nexg6 23.Kf1
Rf7 24.h5 Nf8 {#R} 0-1

[Event "It (open)"]
[Site "masterchessopen.com Miami (USA)"]
[Date "2007.09.26"]
[Round "1"]
[White "Santalla Andres (CUB)"]
[Black "Zugic Igor (CAN)"]
[Result "0-1"]
[WhiteElo "2154"]
[BlackElo "2477"]

1.e4 c5 2.Nc3 d6 3.g3 Nc6 4.Bg2 g6 5.d3 Bg7 6.Be3 e5 7.Nd5 Nce7 8.c4 Nxd5
9.cxd5 f5 10.Qd2 Nf6 11.Ne2 Ng4 12.O-O Nxe3 13.Qxe3 O-O 14.Kh1 f4 15.gxf4 exf4
16.Nxf4 Bd4 17.Qc1 Qf6 18.Ne6 Bxb2 19.Qc4 Bxe6 20.dxe6 Bxa1 21.e7+ Rf7 22.f4
Bd4 23.e5 Qxe7 24.Bd5 Rf8 {#R} 0-1

[Event "It (open)"]
[Site "masterchessopen.com Le Touquet (France)"]
[Date "2007.10.29"]
[Round "4"]
[White "Krasucki Youri (BEL)"]
[Black "Jardine Ludovic (FRA)"]
[Result "1-0"]
[WhiteElo "2037"]
[BlackElo "1895"]

1.e4 c5 2.Nc3 Nc6 3.g3 g6 4.Bg2 Bg7 5.d3 d6 6.Be3 e5 7.Qd2 Be6 8.Nge2 b6 9.f4
Qd7 10.h3 h5 11.O-O-O Nge7 12.Rdf1 O-O-O 13.Kb1 Bh6 14.h4 f5 15.Nd5 Nd4 16.Nf6
Qa4 17.Nc3 Qa5 18.fxe5 Bxe3 19.Qxe3 dxe5 20.exf5 Nexf5 21.Qe4 Rdf8 22.Qb7+ Kd8
23.Ncd5 Bc8 24.Qc7# 1-0

[Event "Bayern Regionalliga Southeast 2007/08"]
[Site "masterchessopen.com Bayern (Germany)"]
[Date "2007.11.04"]
[Round "2"]
[White "Schaefer Matthias (GER)"]
[Black "Deues Erik (GER)"]
[Result "1-0"]
[WhiteElo "2243"]
[BlackElo "2125"]

1.e4 c5 2.Nc3 Nc6 3.g3 g6 4.Bg2 Bg7 5.d3 d6 6.Be3 Nf6 7.h3 Bd7 8.f4 Qa5 9.Ne2
Rc8 10.O-O b5 11.a3 Qb6 12.b4 Nd4 13.e5 Ng8 14.bxc5 dxc5 15.Ne4 f6 16.Nxc5
Qxc5 17.Nxd4 Qc3 18.e6 Bc6 19.Bxc6+ Rxc6 20.Nxc6 Qxc6 21.Bxa7 f5 22.Rb1 Nf6
23.Qf3 Qxe6 24.Rfe1 {#r} 1-0

[Event "Ch World (juniors) (under 12)"]
[Site "masterchessopen.com Kemer (Turkey)"]
[Date "2007.11.18"]
[Round "1"]
[White "Fenil Shah (IND)"]
[Black "Aripov Iskandar (UZB)"]
[Result "0-1"]
[WhiteElo "2124"]
[BlackElo "2193"]

1.e4 c5 2.Nc3 Nc6 3.g3 g6 4.Bg2 Bg7 5.d3 d6 6.Be3 Bd4 7.Qd2 Qa5 8.f4 e6 9.Nf3
Nge7 10.h3 O-O 11.a3 Bd7 12.O-O Rae8 13.Nh4 a6 14.g4 f5 15.Qf2 fxg4 16.Qd2 Qd8
17.Nxg6 hxg6 18.hxg4 {#R} 0-1

[Event "Ch France (team) (nat.2) 2007/08"]
[Site "masterchessopen.com France"]
[Date "2007.12.16"]
[Round "4"]
[White "Chebance Benoit (FRA)"]
[Black "Cao Philippe (FRA)"]
[Result "0-1"]
[WhiteElo "2010"]
[BlackElo "1983"]

1.e4 c5 2.Nc3 Nc6 3.g3 g6 4.Bg2 Bg7 5.d3 d6 6.Be3 Qa5 7.Ne2 e6 8.O-O Nd4 9.Bd2
Rb8 10.Nxd4 cxd4 11.Ne2 Qa6 12.f4 Ne7 13.g4 f5 14.gxf5 exf5 15.Qe1 O-O 16.Kh1
Bd7 17.Qh4 Rfe8 18.Ng3 Bc6 {#R} 0-1

[Event "Ch City"]
[Site "masterchessopen.com Reykjavik (Iceland)"]
[Date "2008.01.11"]
[Round "3"]
[White "Benediktsson Thorir (ISL)"]
[Black "Magnusson Patrekur Maron (ISL)"]
[Result "1-0"]
[WhiteElo "1912"]
[BlackElo "1886"]

1.e4 c5 2.Nc3 d6 3.g3 g6 4.Bg2 Bg7 5.d3 Nc6 6.Be3 a6 7.Qd2 Nf6 8.h3 O-O 9.Nge2
Bd7 10.f4 Rb8 11.O-O b6 12.d4 cxd4 13.Nxd4 Qc7 14.g4 Na5 15.b3 Rfc8 16.Nd5
Nxd5 17.exd5 Qc3 18.Qf2 Bxd4 19.Bxd4 Qxc2 20.Qe3 Qc7 21.Qxe7 Qd8 22.Qxd6 {#r}
1-0

[Event "It \"]
[Site "masterchessopen.com Tarakan (Indonesia)"]
[Date "2008.01.12"]
[Round "5"]
[White "Mendoza Beverly (PHI)"]
[Black "Chua Xing Jian Graham (SIN)"]
[Result "0-1"]
[WhiteElo "2046"]
[BlackElo "2229"]

1.e4 c5 2.Nc3 Nc6 3.g3 g6 4.Bg2 Bg7 5.d3 d6 6.Be3 e5 7.Qd2 Nge7 8.Bh6 Bxh6
9.Qxh6 Nd4 10.Rc1 Qb6 11.Nd1 Qa5+ 12.c3 Ne6 13.Ra1 Qa6 14.Qd2 O-O 15.Ne3 f5
16.Nd5 Nxd5 17.exd5 Nd8 18.h4 Nf7 19.h5 Qa5 20.hxg6 hxg6 21.Nh3 Qd8 {#R} 0-1